000 00345nam a2200133Ia 4500
008 190216s9999||||xx |||||||||||||| ||und||
100 _aBhattacharya. Pk
245 0 _aGroup Theory And Its Chemical Applications
250 _a1st Ed.
260 _bHimalaya Publishing House
_c1986
300 _a205
650 _aChemistry-Chemistry
942 _cBK
999 _c2697
_d2697